Toutes les matières scolaires au collège en France - Statistiques

Statistiques générales
  • Ce quiz a été pris 498 fois
  • Le résultat moyen est 11 sur 13
Statistiques - réponses
Collège Réponse % Correct
2 Français
100%
11 Anglais
94%
7 Espagnol
92%
3 Mathématiques
92%
4 SVT / Science de la vie et de la terre
91%
12 Histoire géographie
89%
10 Physique
89%
5 EPS / Education physique et sportive
87%
8 Allemand
85%
1 Musique / Education musicale
83%
13 Technologie
78%
6 Art plastique
70%
9 Latin
58%
Aucun quiz correspondant
Distribution des résultats
% des personnes avec chaque résultat
Percentile par nombre de réponses
Votre historique - résultats
Vous n’avez pas pris ce quiz